| 000 | 01272nmm a2200385 a 4500 | ||
|---|---|---|---|
| 001 | ocm0002146934 | ||
| 003 | TR-IsHL | ||
| 005 | 20201028181802.0 | ||
| 008 | 190116s2015 tu tur | ||
| 007 | cr cn | ||
| 020 | _a9786053272625 | ||
| 035 |
_a2146934 _b(N$T) |
||
| 050 | 0 | 4 |
_aHG3256.5.A6 _bB366 2015 |
| 090 | 0 | 4 |
_aHG3256.5.A6 _bB366 2015 |
| 245 | 1 | 0 |
_aBankacılık sistemi: finansal araçlar, riskler ve krizler _h[electronic resource] / _ceditör Savaş Durmuş, Hasan Ayaydın |
| 260 |
_aBursa : _bEkin Basım Yayın Dağıtım, _c2015 |
||
| 300 | _a206 p. | ||
| 500 | _aKaynakça var. | ||
| 650 | 4 | _aEkonomi ve Finans | |
| 650 | 4 | _aEconomics and Finance | |
| 650 | 0 |
_aBankalar ve bankacılık _x Türkiye |
|
| 650 | 0 |
_aBanks and banking _x Turkey |
|
| 650 | 0 | _aBanka yönetimi | |
| 650 | 0 | _aBank management | |
| 650 | 0 | _aRisk yönetimi | |
| 650 | 0 | _aRisk management | |
| 650 | 0 | _aMali enstrümanlar | |
| 650 | 0 | _aFinancial instruments | |
| 650 | 0 | _aMali krizler | |
| 650 | 0 | _aFinancial crises | |
| 650 | 7 |
_aBUSINESS & ECONOMICS / Banks & Banking _2bisacsh |
|
| 700 | 1 | _aDurmuş, Savaş | |
| 700 | 1 | _aAyaydın, Hasan | |
| 856 | 4 | 0 | _uhttp://search.ebscohost.com/login.aspx?direct=true&scope=site&db=e011xww&AN=2146934 |
| 999 |
_c19763 _d19763 |
||